Apuntes sobre la génesis del Partido Unidad Social Cristiana de Costa Rica

Сохранить в:
Библиографические подробности
Главный автор: Herrera Araya, Marvin
Формат: Текст
Опубликовано: s.l.: INDEP
Метки: Добавить метку
Нет меток, Требуется 1-ая метка записи!

MARC

LEADER 00000 a a2200000 04500
001 24734
003
040
090 |a 173300  
100 |a Herrera Araya, Marvin  
245 |a Apuntes sobre la génesis del Partido Unidad Social Cristiana de Costa Rica  
260 |a s.l.:   |b INDEP  
300 |a 8 p.  
999 |c 13586  |d 13586